[Event "SV Mülheim-Nord 4 - SV Unna 1"]
[Site "Verbandsklasse - Gruppe 3 201"]
[Date "2018.12.02"]
[Round "4.4"]
[White "Sokalska, Viktoriya"]
[Black "Eichhorn, Robin"]
[Result "1-0"]
[WhiteElo "1915"]
[BlackElo "1788"]
[PlyCount "111"]
[EventDate "2018.??.??"]

1. e4 d6 2. Nc3 Nf6 3. d3 g6 4. g3 Bg7 5. Bg2 c5 6. Nge2 Nc6 7. h3 a6 8. Be3
Qc7 9. O-O Rb8 10. Qd2 b5 11. Bh6 O-O 12. g4 b4 13. Bxg7 Kxg7 14. g5 bxc3 15.
gxf6+ exf6 16. Qxc3 Qe7 17. f4 Bd7 18. Rae1 Rfc8 19. Rf2 Kg8 20. b3 a5 21. a4
Rb4 22. Qd2 Kg7 23. Nc3 Rbb8 24. Nd5 Qd8 25. Ne3 Nd4 26. f5 g5 27. h4 h6 28.
hxg5 hxg5 29. Nc4 d5 30. Nd6 Rc6 31. e5 Rxd6 32. exd6 Bxf5 33. Qe3 Qxd6 34. c3
Rxb3 35. cxd4 Rxd3 36. Qe2 Bg6 37. dxc5 Qxc5 38. Qe7 Qxe7 39. Rxe7 Ra3 40. Bxd5
Rxa4 41. Ra7 Rg4+ 42. Kf1 Bd3+ 43. Ke1 f5 44. Rxf7+ Kg6 45. Ra7 a4 46. Rd2 Rd4
47. Bc6 g4 48. Rd7 Rxd7 49. Bxd7 Be4 50. Bxa4 g3 51. Bc2 Bb7 52. Rd7 g2 53. Kf2
Ba8 54. Rd8 Bb7 55. Rg8+ Kf6 56. Rf8+ 1-0

[Event "SV Mülheim-Nord 4 - SV Unna 1"]
[Site "Verbandsklasse - Gruppe 3 201"]
[Date "2018.12.02"]
[Round "4.5"]
[White "Bertschik, Jonas"]
[Black "Schuermann, Jan"]
[Result "1/2-1/2"]
[WhiteElo "1710"]
[BlackElo "1800"]
[PlyCount "68"]
[EventDate "2018.??.??"]

1. d4 Nf6 2. Nf3 d5 3. c4 e6 4. Nc3 Be7 5. Bf4 O-O 6. e3 Nh5 7. Be5 Nd7 8. Bd3
Nhf6 9. Bf4 dxc4 10. Bxc4 Nb6 11. Bd3 Nbd5 12. Be5 c5 13. O-O cxd4 14. Bxd4 b6
15. Nxd5 Qxd5 16. Qe2 Bb7 17. Bc4 Qh5 18. h3 Ne4 19. Ba6 Bd5 20. Bc4 Bxc4 21.
Qxc4 Rfc8 22. Qd3 Nc5 23. Qb5 Qd5 24. Rfd1 Rd8 25. Qe2 Qe4 26. b4 Nd7 27. a3
Bf6 28. Bxf6 Nxf6 29. Rxd8+ Rxd8 30. Rd1 Rc8 31. Qd2 Nd5 32. Rc1 Rd8 33. Rd1
Rc8 34. Rc1 Rd8 1/2-1/2

[Event "SV Mülheim-Nord 4 - SV Unna 1"]
[Site "Verbandsklasse - Gruppe 3 201"]
[Date "2018.12.02"]
[Round "4.6"]
[White "Bartelt, Max Peter"]
[Black "Watzlawek, Volker"]
[Result "1-0"]
[WhiteElo "1711"]
[BlackElo "1639"]
[Annotator "Daniel"]
[PlyCount "46"]
[EventDate "2018.??.??"]

1. d4 e6 2. Nf3 f5 3. c4 Nf6 4. Bf4 d5 5. e3 Bd6 6. Bxd6 Qxd6 7. Nc3 O-O 8. Bd3
b6 9. O-O a6 10. Rc1 dxc4 11. Bxc4 Bb7 12. Qb3 Bd5 13. Rc2 Nc6 14. Bxd5 exd5
15. Rfc1 Na5 16. Qa4 Rac8 $11 17. b4 Nc4 18. b5 Na3 19. Rb2 axb5 20. Nxb5 Nxb5
21. Qxb5 f4 22. Rc6 Qa3 23. exf4 Ne4 1-0

[Event "SV Mülheim-Nord 4 - SV Unna 1"]
[Site "Verbandsklasse - Gruppe 3 201"]
[Date "2018.12.02"]
[Round "4.7"]
[White "Burosch, Raimund"]
[Black "Vavro, Maximilian"]
[Result "0-1"]
[WhiteElo "1390"]
[BlackElo "1694"]
[PlyCount "60"]
[EventDate "2018.??.??"]

1. Nf3 Nf6 2. g3 g6 3. Bg2 Bg7 4. d3 O-O 5. O-O c5 6. e4 Nc6 7. c3 d6 8. Be3
Be6 9. Nbd2 Qd7 10. d4 cxd4 11. cxd4 Bh3 12. e5 dxe5 13. dxe5 Nd5 14. Nc4 Bxg2
15. Kxg2 b5 16. Na3 Nxe5 17. Nd4 Ng4 18. Nac2 Rac8 19. Rc1 e5 20. h3 exd4 21.
Bxd4 Bxd4 22. Qxd4 Rc4 23. Qd2 Nf4+ 24. Qxf4 Rxf4 25. gxf4 Qd5+ 26. Kg3 Nf6 27.
Nb4 Qe4 28. a3 Nh5+ 29. Kh2 Nxf4 30. Kg3 Ne2+ 0-1

[Event "SV Mülheim-Nord 4 - SV Unna 1"]
[Site "Verbandsklasse - Gruppe 3 201"]
[Date "2018.12.02"]
[Round "4.8"]
[White "Fleischer, Michael"]
[Black "Konrad, Alechander"]
[Result "1-0"]
[WhiteElo "1823"]
[BlackElo "1566"]
[PlyCount "111"]
[EventDate "2018.??.??"]

1. e4 d6 2. d4 Nf6 3. Nc3 g6 4. Nf3 Bg7 5. Bc4 O-O 6. O-O Nc6 7. h3 e5 8. dxe5
dxe5 9. Be3 Bd7 10. Bc5 Re8 11. Ng5 Be6 12. Nxe6 fxe6 13. Bb5 Qc8 14. Bxc6 bxc6
15. Qe2 Nd7 16. Be3 a5 17. Rfd1 Nb6 18. h4 h6 19. b3 Kh7 20. Nb1 Bf8 21. c4 a4
22. c5 Nd7 23. b4 Nf6 24. f3 Nh5 25. a3 Be7 26. Bf2 Rd8 27. Nc3 Nf4 28. Qc2 Qa6
29. Rxd8 Rxd8 30. Rd1 Rg8 31. Rd7 Rg7 32. g3 Nh3+ 33. Kg2 Nxf2 34. Qxf2 g5 35.
hxg5 hxg5 36. Qf1 Qc8 37. Qd3 Qe8 38. Rxc7 g4 39. fxg4 Qg6 40. Rxc6 Qxg4 41.
Qf3 Qg5 42. Rxe6 Qd2+ 43. Ne2 Kg8 44. Rxe5 Qe1 45. Qh5 Rh7 46. Qe8+ Bf8 47.
Rg5+ Rg7 48. Qe6+ Kh8 49. Rh5+ Rh7 50. Qf6+ Kg8 51. Rg5+ Rg7 52. Rxg7+ Bxg7 53.
Qe6+ Kh7 54. Qc4 Bb2 55. c6 Bxa3 56. c7 1-0

[Event "SV Waltrop 1 - SC Doppelbauer Brambauer"]
[Site "Verbandsklasse - Gruppe 3 201"]
[Date "2018.12.02"]
[Round "4.1"]
[White "Koth, Stefan"]
[Black "Gasper, Joern"]
[Result "1-0"]
[WhiteElo "2011"]
[BlackElo "2034"]
[PlyCount "65"]
[EventDate "2018.??.??"]

1. c4 e6 2. Nc3 d5 3. e3 Nf6 4. Nf3 dxc4 5. Bxc4 a6 6. a3 c5 7. b3 b5 8. Be2
Bb7 9. Bb2 Nbd7 10. O-O Qc7 11. d4 Rd8 12. Rc1 Qb8 13. dxc5 Ng4 14. Nxb5 Nxc5
15. Nbd4 Bxf3 16. g3 Bxe2 17. Qxe2 Ne5 18. f4 Ned7 19. Nc6 Qb5 20. Qxb5 axb5
21. Nxd8 Kxd8 22. b4 Na4 23. Bd4 f6 24. Rfd1 Bd6 25. Bxf6+ gxf6 26. Rxd6 Ke7
27. Rcc6 e5 28. f5 Rd8 29. Kf2 h5 30. h3 Nb2 31. Rd5 Nc4 32. a4 Nb8 33. Re6+
1-0

[Event "SV Waltrop 1 - SC Doppelbauer Brambauer"]
[Site "Verbandsklasse - Gruppe 3 201"]
[Date "2018.12.02"]
[Round "4.2"]
[White "Eckert, Marius"]
[Black "Remmler, Volker"]
[Result "1-0"]
[WhiteElo "2032"]
[BlackElo "2059"]
[PlyCount "69"]
[EventDate "2018.??.??"]

1. d4 Nf6 2. Bf4 d6 3. Nc3 Nh5 4. Bd2 g6 5. e4 e5 6. dxe5 dxe5 7. Nf3 f6 8. Bc4
c6 9. Qe2 Qe7 10. O-O-O Be6 11. Be3 Nd7 12. Rd2 Nb6 13. Bb3 Bxb3 14. axb3 Rd8
15. Rxd8+ Qxd8 16. Na4 Nxa4 17. bxa4 Qa5 18. Qc4 Ng7 19. Rd1 Qa6 20. Qb3 c5 21.
Qd5 Be7 22. Bxc5 Bxc5 23. Qxc5 Qc6 24. Qxc6+ bxc6 25. Rd6 O-O 26. Rxc6 Nh5 27.
Rc7 Rf7 28. Rxf7 Kxf7 29. b4 Nf4 30. Ne1 Ke7 31. Kd2 Kd6 32. g3 Nh3 33. Ke3 Ng5
34. Nd3 Ne6 35. c3 1-0

[Event "SV Waltrop 1 - SC Doppelbauer Brambauer"]
[Site "Verbandsklasse - Gruppe 3 201"]
[Date "2018.12.02"]
[Round "4.3"]
[White "Schulz, Hartmut"]
[Black "Winterberg, Andreas"]
[Result "1/2-1/2"]
[WhiteElo "2026"]
[BlackElo "1987"]
[PlyCount "42"]
[EventDate "2018.??.??"]

1. d4 d5 2. Nf3 Nf6 3. Bf4 c5 4. e3 Nc6 5. c3 Qb6 6. Qb3 c4 7. Qc2 Bf5 8. Qc1
h6 9. h3 e6 10. Nbd2 Be7 11. Be2 Rc8 12. O-O O-O 13. Re1 Qd8 14. Ne5 Ne4 15.
Bf3 Nxe5 16. Bxe5 Ng5 17. Bg4 Bxg4 18. hxg4 b5 19. Qc2 f5 20. gxf5 exf5 21. f3
Rc6 1/2-1/2

[Event "SV Waltrop 1 - SC Doppelbauer Brambauer"]
[Site "Verbandsklasse - Gruppe 3 201"]
[Date "2018.12.02"]
[Round "4.4"]
[White "Dunsche, Daniel"]
[Black "Zimmermann, Dirk"]
[Result "0-1"]
[WhiteElo "1930"]
[BlackElo "1894"]
[PlyCount "72"]
[EventDate "2018.??.??"]

1. d4 g6 2. Bf4 Bg7 3. Nc3 c6 4. e4 d6 5. Qd2 Nd7 6. Nf3 Nb6 7. O-O-O h6 8. d5
cxd5 9. Nxd5 Nxd5 10. Qxd5 Nf6 11. Qd3 Qb6 12. e5 Ng4 13. Bg3 O-O 14. Qe2 Bf5
15. Kb1 Rac8 16. Rd2 Rfd8 17. Qb5 Nxe5 18. Qxb6 axb6 19. Nxe5 dxe5 20. Rxd8+
Rxd8 21. Bb5 Rd2 22. Ba4 b5 23. Bb3 Kf8 24. Kc1 Rd8 25. Rd1 Rxd1+ 26. Kxd1 Be4
27. f3 Bc6 28. c3 f5 29. Bf2 Bf6 30. Be3 Kg7 31. a3 e4 32. f4 e5 33. g3 g5 34.
fxg5 hxg5 35. Ke2 f4 36. Bc5 Kg6 0-1

[Event "SV Waltrop 1 - SC Doppelbauer Brambauer"]
[Site "Verbandsklasse - Gruppe 3 201"]
[Date "2018.12.02"]
[Round "4.5"]
[White "Deckert, Frank"]
[Black "Drewes, Martin"]
[Result "1/2-1/2"]
[WhiteElo "1871"]
[BlackElo "1934"]
[PlyCount "35"]
[EventDate "2018.??.??"]

1. d4 d5 2. Bf4 Nf6 3. e3 e6 4. Nd2 Bd6 5. Bg3 O-O 6. Bd3 c5 7. c3 Re8 8. Ngf3
Nc6 9. Ne5 Qe7 10. Nxc6 bxc6 11. Bxd6 Qxd6 12. O-O e5 13. dxe5 Qxe5 14. h3 Rb8
15. Rb1 Bf5 16. Bxf5 Qxf5 17. Qa4 Qd7 18. Rfd1 1/2-1/2

[Event "SV Waltrop 1 - SC Doppelbauer Brambauer"]
[Site "Verbandsklasse - Gruppe 3 201"]
[Date "2018.12.02"]
[Round "4.6"]
[White "Breidenbach, Rolf"]
[Black "Jochmann, Christian"]
[Result "1/2-1/2"]
[WhiteElo "1895"]
[BlackElo "1822"]
[PlyCount "92"]
[EventDate "2018.??.??"]

1. d4 Nf6 2. Bf4 d5 3. e3 Bf5 4. Nd2 e6 5. Ngf3 c5 6. c3 Bd6 7. Bb5+ Ke7 8.
Bxd6+ Qxd6 9. Ne5 a6 10. Bd3 Bxd3 11. Nxd3 Nbd7 12. O-O e5 13. dxe5 Nxe5 14.
Nxe5 Qxe5 15. Nf3 Qc7 16. Qc2 Rhe8 17. h3 Kf8 18. Rfd1 Rad8 19. Rac1 b5 20. Qf5
Qd7 21. Qf4 Qe7 22. Nh4 Qe4 23. Qxe4 Nxe4 24. Rd3 Rd7 25. Rcd1 Red8 26. f3 Nf6
27. g4 g6 28. Ng2 h6 29. h4 Ke7 30. Kf2 Ne8 31. Nf4 Nc7 32. h5 g5 33. Ne2 Ne6
34. Ng3 Ng7 35. R3d2 Ke6 36. Ke2 f5 37. a4 f4 38. exf4 gxf4 39. Nh1 Kf6 40. Nf2
Ne6 41. axb5 axb5 42. Ra1 d4 43. Ra6 dxc3 44. Ne4+ Kf7 45. Rxd7+ Rxd7 46. bxc3
Rd5 1/2-1/2

[Event "SV Waltrop 1 - SC Doppelbauer Brambauer"]
[Site "Verbandsklasse - Gruppe 3 201"]
[Date "2018.12.02"]
[Round "4.7"]
[White "Lojewski, Ralf"]
[Black "Sehrbrock, Christoph"]
[Result "0-1"]
[WhiteElo "1918"]
[BlackElo "1794"]
[PlyCount "28"]
[EventDate "2018.??.??"]

1. d4 Nf6 2. Nf3 c5 3. g3 cxd4 4. Nxd4 g6 5. Bg2 Bg7 6. O-O d5 7. c3 O-O 8. Qb3
Nc6 9. Nxc6 bxc6 10. Be3 Ba6 11. Qa3 Bxe2 12. Re1 Bb5 13. Bc5 Re8 14. Bxe7 Bf8
0-1

[Event "SV Waltrop 1 - SC Doppelbauer Brambauer"]
[Site "Verbandsklasse - Gruppe 3 201"]
[Date "2018.12.02"]
[Round "4.8"]
[White "Neumann, Robert"]
[Black "Thormann, Olaf"]
[Result "1-0"]
[WhiteElo "1773"]
[BlackElo "1779"]
[Annotator "Daniel"]
[PlyCount "79"]
[EventDate "2018.??.??"]

1. d4 d5 2. Bf4 c6 3. c3 Nf6 4. e3 Bf5 5. Bd3 Bg6 6. Bxg6 hxg6 7. Nf3 Nh5 8.
Ne5 Nd7 9. Nd2 Nxe5 10. dxe5 Nxf4 11. exf4 e6 12. Nf3 Qb6 13. Qb3 Qa6 14. Qc2
Rd8 15. Qe2 Qa4 16. g3 c5 17. O-O Be7 18. h4 a6 19. Kg2 Qc6 20. Rh1 d4 21. cxd4
Rxd4 22. Kg1 Rb4 23. Rc1 a5 24. a3 Rb3 25. Nd4 Qd5 26. Nxb3 Qxb3 27. Rc3 Qa4
$11 28. h5 g5 29. fxg5 Bxg5 30. Rxc5 O-O 31. Rc4 Qb5 32. f4 Bh6 33. Kh2 Rd8 34.
Rhc1 g5 35. hxg6 fxg6 36. a4 Qd7 37. R1c2 b5 38. axb5 Qxb5 39. Qe4 Qe8 40. Rc5
1-0

[Event "SC R. Rüttenscheid 1 - SF Kirchhellen 1"]
[Site "Verbandsklasse - Gruppe 3 201"]
[Date "2018.12.02"]
[Round "4.1"]
[White "Sinnwell, Horst"]
[Black "Lindenmaier, Reinhard"]
[Result "1/2-1/2"]
[WhiteElo "2036"]
[BlackElo "2016"]
[PlyCount "32"]
[EventDate "2018.??.??"]

1. Nf3 d6 2. d4 f5 3. c4 Nf6 4. Nc3 g6 5. e3 Bg7 6. Bd3 O-O 7. O-O Nc6 8. d5
Nb4 9. Bb1 a5 10. Nd4 Na6 11. e4 fxe4 12. Nxe4 Nxe4 13. Bxe4 Nc5 14. Re1 Nxe4
15. Rxe4 Bf5 16. Nxf5 Rxf5 1/2-1/2

[Event "SC R. Rüttenscheid 1 - SF Kirchhellen 1"]
[Site "Verbandsklasse - Gruppe 3 201"]
[Date "2018.12.02"]
[Round "4.2"]
[White "Pennekamp, Manfred"]
[Black "Hoffterheide, Thomas"]
[Result "0-1"]
[WhiteElo "1815"]
[BlackElo "1955"]
[PlyCount "94"]
[EventDate "2018.??.??"]

1. e4 e5 2. f4 exf4 3. Nf3 Nf6 4. Nc3 d5 5. e5 Nh5 6. Be2 d4 7. Ne4 f5 8. Nf2
g6 9. c3 dxc3 10. bxc3 Ng7 11. d4 c6 12. Nh3 Be7 13. Nxf4 g5 14. Nd3 g4 15. Nd2
Bh4+ 16. g3 Bg5 17. Nb3 Qd5 18. Nf2 h6 19. c4 Qd8 20. d5 Nd7 21. Qd4 O-O 22.
Bf4 Re8 23. O-O a5 24. Nd3 a4 25. Nd2 Nf8 26. d6 Nfe6 27. Qc3 Bd7 28. c5 Qa5
29. Rac1 Nxf4 30. Nxf4 Qxc3 31. Rxc3 Rxe5 32. Bc4+ Kh7 33. Bd3 Ra5 34. Rfc1 Ne6
35. Nc4 Raxc5 36. Nxe5 Rxe5 37. Rf1 Nc5 38. Bb1 b5 39. a3 Nb3 40. Rd1 Bd8 41.
h4 Ba5 42. Rc2 Bb6+ 43. Kh1 Nd4 44. Rcd2 c5 45. Ba2 Bc6+ 46. Ng2 Re3 47. Rd3
Re2 0-1

[Event "SC R. Rüttenscheid 1 - SF Kirchhellen 1"]
[Site "Verbandsklasse - Gruppe 3 201"]
[Date "2018.12.02"]
[Round "4.3"]
[White "Borgs, Martin"]
[Black "Koprek, Juergen"]
[Result "1/2-1/2"]
[WhiteElo "1969"]
[BlackElo "1826"]
[PlyCount "52"]
[EventDate "2018.??.??"]

1. d4 d5 2. Bf4 e6 3. e3 Bd6 4. Bg3 Nf6 5. Nd2 b6 6. Ngf3 O-O 7. Bd3 Ba6 8.
Bxa6 Nxa6 9. O-O c5 10. c3 Nb8 11. a4 Nc6 12. Qe2 Bxg3 13. hxg3 Qd6 14. Rfd1
cxd4 15. exd4 Rac8 16. Ne5 Nd7 17. Ndf3 Ndxe5 18. dxe5 Qc7 19. Rd3 Na5 20. Nd4
a6 21. f4 Qc4 22. Qd1 Nb7 23. Nb3 Nc5 24. Nxc5 Qxc5+ 25. Rd4 Rc7 26. Qe2 b5
1/2-1/2

[Event "SC R. Rüttenscheid 1 - SF Kirchhellen 1"]
[Site "Verbandsklasse - Gruppe 3 201"]
[Date "2018.12.02"]
[Round "4.4"]
[White "Storp, Thomas"]
[Black "Schueppel, Werner"]
[Result "0-1"]
[WhiteElo "1822"]
[BlackElo "1959"]
[PlyCount "70"]
[EventDate "2018.??.??"]

1. c4 g6 2. d4 Bg7 3. Nc3 d6 4. Nf3 Nd7 5. e4 e5 6. Be3 Ne7 7. Be2 O-O 8. O-O
Nc6 9. Nd5 exd4 10. Nxd4 Nc5 11. f3 Ne6 12. Nxc6 bxc6 13. Nb4 c5 14. Nd3 Nd4
15. Rb1 f5 16. Qd2 Qe8 17. Nf2 f4 18. Bxd4 Bxd4 19. Kh1 g5 20. b4 Rf6 21. Ng4
Bxg4 22. fxg4 Qe6 23. bxc5 dxc5 24. Bf3 Rd8 25. Qc2 Rh6 26. h3 Qa6 27. Rfd1 Qa3
28. Rb3 Qa4 29. e5 Re8 30. Re1 Kh8 31. e6 Qa5 32. Re2 Rhxe6 33. Qd1 Rxe2 34.
Bxe2 Qxa2 35. Bf3 Qxb3 0-1

[Event "SC R. Rüttenscheid 1 - SF Kirchhellen 1"]
[Site "Verbandsklasse - Gruppe 3 201"]
[Date "2018.12.02"]
[Round "4.5"]
[White "Schlueter, Christoph"]
[Black "Kiparski, Manuel"]
[Result "1-0"]
[WhiteElo "1962"]
[BlackElo "1790"]
[PlyCount "91"]
[EventDate "2018.??.??"]

1. d4 d5 2. c4 e6 3. Nc3 Be7 4. Nf3 Nf6 5. Bf4 O-O 6. e3 b6 7. Be2 c5 8. O-O
Nc6 9. Rc1 cxd4 10. Nxd4 Nxd4 11. Qxd4 Bc5 12. Qd1 Bb7 13. a3 h6 14. b4 Bd6 15.
Qd4 Bxf4 16. Qxf4 dxc4 17. Rfd1 Qe7 18. Bxc4 Rfd8 19. Be2 Rac8 20. Nb5 Rxc1 21.
Rxc1 e5 22. Qf5 Be4 23. Qh3 Bd3 24. Bxd3 Rxd3 25. Rc8+ Rd8 26. Nxa7 Kh7 27.
Rxd8 Qxd8 28. Qf5+ g6 29. Qc2 Qd7 30. Nc6 Qd5 31. h3 Kg7 32. Qc3 Qd1+ 33. Kh2
Qe2 34. Nxe5 Kg8 35. Qc4 Qxc4 36. Nxc4 Nd7 37. a4 Kf8 38. a5 bxa5 39. bxa5 Nb8
40. Kg3 Ke7 41. Kf4 Ke6 42. Ke4 Nc6 43. g4 f6 44. a6 f5+ 45. gxf5+ gxf5+ 46.
Kf4 1-0

[Event "SC R. Rüttenscheid 1 - SF Kirchhellen 1"]
[Site "Verbandsklasse - Gruppe 3 201"]
[Date "2018.12.02"]
[Round "4.6"]
[White "Bruckmann, Jochen"]
[Black "Belitz, Marco"]
[Result "1-0"]
[WhiteElo "1778"]
[BlackElo "1829"]
[PlyCount "85"]
[EventDate "2018.??.??"]

1. e4 c5 2. d4 cxd4 3. c3 d3 4. Bxd3 d6 5. Be3 Nf6 6. h3 e6 7. Nf3 Be7 8. Nbd2
Nbd7 9. O-O O-O 10. Qc2 a6 11. b4 b5 12. a4 bxa4 13. Rxa4 Bb7 14. Rfa1 Qc8 15.
Nd4 Ne5 16. Be2 d5 17. f4 Nc6 18. e5 Nxd4 19. Bxd4 Ne4 20. Nxe4 dxe4 21. Qa2
Bd5 22. c4 Bb7 23. c5 Qd7 24. Be3 f6 25. Bxa6 fxe5 26. Bxb7 Rxa4 27. Qxa4 Qxb7
28. fxe5 Qd5 29. Rd1 Qxe5 30. Qd7 Rd8 31. Qa4 Rxd1+ 32. Qxd1 Qc3 33. Qd4 Qe1+
34. Kh2 Bh4 35. Bg1 Bg3+ 36. Kh1 h6 37. Qe3 Kf7 38. Qxe1 Bxe1 39. c6 Ke8 40. b5
Ba5 41. b6 Kd8 42. b7 Bc7 43. Bb6 1-0

[Event "SC R. Rüttenscheid 1 - SF Kirchhellen 1"]
[Site "Verbandsklasse - Gruppe 3 201"]
[Date "2018.12.02"]
[Round "4.7"]
[White "Gajda, Peter"]
[Black "Furchtbar, Uwe"]
[Result "1/2-1/2"]
[WhiteElo "1825"]
[BlackElo "1778"]
[PlyCount "42"]
[EventDate "2018.??.??"]

1. e4 e6 2. d4 d5 3. exd5 exd5 4. Qf3 Bd6 5. Bd3 Be6 6. Ne2 Qf6 7. Qe3 Nc6 8.
a3 Nge7 9. Nbc3 O-O-O 10. Nb5 Nf5 11. Nxd6+ Rxd6 12. Bxf5 Bxf5 13. Qc3 Re8 14.
Be3 Bg4 15. Rd1 Rde6 16. h3 Bh5 17. g4 Qf3 18. Kd2 Bg6 19. Nf4 Rd6 20. Rhg1 Qe4
21. Nxg6 hxg6 1/2-1/2

[Event "SV Welper 1 - SC Hansa Dortmund 2"]
[Site "Regionalliga 2018/2019"]
[Date "2018.12.16"]
[Round "5.1"]
[White "Berndt, Joachim"]
[Black "Fuellgrabe, Thomas"]
[Result "1/2-1/2"]
[WhiteElo "2040"]
[BlackElo "2233"]
[PlyCount "26"]
[EventDate "2018.??.??"]

1. e4 e5 2. Nf3 Nc6 3. Nc3 Nf6 4. d4 exd4 5. Nxd4 Bb4 6. Nxc6 bxc6 7. Bd3 O-O
8. O-O d5 9. exd5 Bg4 10. f3 Bh5 11. dxc6 Qd4+ 12. Kh1 Bxc3 13. bxc3 Qxc3
1/2-1/2

[Event "SV Welper 1 - SC Hansa Dortmund 2"]
[Site "Regionalliga 2018/2019"]
[Date "2018.12.16"]
[Round "5.2"]
[White "Kemna, Guido"]
[Black "Burchert, Wolfgang"]
[Result "1/2-1/2"]
[WhiteElo "2138"]
[BlackElo "2018"]
[PlyCount "33"]
[EventDate "2018.??.??"]

1. e4 c5 2. Nf3 e6 3. d4 cxd4 4. Nxd4 Nf6 5. Bd3 Nc6 6. Nxc6 bxc6 7. O-O d5 8.
Nc3 Be7 9. Bf4 O-O 10. Re1 Qb6 11. e5 Nd7 12. Re3 g6 13. Rh3 Ba6 14. Bxa6 Qxa6
15. Qd2 Rfe8 16. Nd1 Qb6 17. b3 1/2-1/2

[Event "SV Welper 1 - SC Hansa Dortmund 2"]
[Site "Regionalliga 2018/2019"]
[Date "2018.12.16"]
[Round "5.3"]
[White "Hillebrand, Carsten"]
[Black "Sohlmann, Jan-Henning"]
[Result "0-1"]
[WhiteElo "1934"]
[BlackElo "2185"]
[Annotator "Daniel"]
[PlyCount "96"]
[EventDate "2018.??.??"]

1. d4 Nf6 2. c4 d6 3. Nf3 g6 4. Nc3 Bg7 5. e4 O-O 6. h3 e5 7. dxe5 dxe5 8. Qxd8
Rxd8 9. Bg5 Re8 10. Nd5 Nxd5 11. cxd5 c6 12. Bc4 cxd5 13. Bxd5 Nd7 14. Nd2 Nc5
15. O-O Be6 16. Rfc1 Bxd5 17. Rxc5 Bc6 18. Rc2 Rac8 19. Rac1 Bd7 20. Nf1 f6 21.
Be3 a6 22. f3 Rxc2 23. Rxc2 $11 Rc8 24. Rxc8+ Bxc8 25. Nd2 Be6 26. a3 Kf7 27.
Kf1 Ke8 28. Ke2 Kd7 29. Kd3 b5 30. Kc3 Bf8 31. h4 a5 32. b4 a4 33. Bc5 Bh6 34.
Kd3 Bf4 35. Bf2 h5 36. g3 Bh6 37. Bc5 f5 38. Bf2 Kc6 39. Be1 f4 40. gxf4 Bxf4
41. Ke2 g5 42. hxg5 Bxg5 43. Kf1 h4 44. f4 Bxf4 45. Nf3 h3 46. Kg1 Bg4 47. Nd2
h2+ 48. Kg2 Be2 0-1

[Event "SV Welper 1 - SC Hansa Dortmund 2"]
[Site "Regionalliga 2018/2019"]
[Date "2018.12.16"]
[Round "5.4"]
[White "Linde, Wolfgang"]
[Black "Linker, Walter"]
[Result "1-0"]
[WhiteElo "2149"]
[BlackElo "2011"]
[PlyCount "71"]
[EventDate "2018.??.??"]

1. e4 e5 2. Nf3 Nc6 3. Bb5 a6 4. Bxc6 dxc6 5. O-O Qd6 6. Na3 Be6 7. b3 f6 8.
Qe2 b5 9. c3 c5 10. Rd1 Bg4 11. Nc2 Be7 12. d4 exd4 13. cxd4 Qb6 14. Bf4 g5 15.
Bg3 Nh6 16. Ne3 Be6 17. d5 Bf7 18. d6 cxd6 19. Nd5 Bxd5 20. Rxd5 Nf7 21. Nd2
O-O 22. Nf1 Rfe8 23. Ne3 Bf8 24. Qf3 Re6 25. Ng4 Bg7 26. Re1 Rae8 27. Qd3 h5
28. Ne3 h4 29. Bxh4 gxh4 30. Nf5 Ng5 31. Nxd6 Qa5 32. Rf1 Rxd6 33. Rxd6 Nxe4
34. Rd7 Ng5 35. Qg6 Ne6 36. Qxe8+ 1-0

[Event "SV Welper 1 - SC Hansa Dortmund 2"]
[Site "Regionalliga 2018/2019"]
[Date "2018.12.16"]
[Round "5.5"]
[White "Prueske, Wolfgang"]
[Black "Adiyaman, Rene"]
[Result "1-0"]
[WhiteElo "1930"]
[BlackElo "2123"]
[PlyCount "97"]
[EventDate "2018.??.??"]

1. e4 e5 2. Nf3 Nc6 3. d4 exd4 4. Nxd4 Bc5 5. Nb3 Bb6 6. Nc3 Nf6 7. Qe2 d6 8.
Be3 Be6 9. O-O-O Qe7 10. Bxb6 axb6 11. f3 O-O 12. Kb1 Ne5 13. Nd5 Nxd5 14. exd5
Bf5 15. Nd4 Qd7 16. Nxf5 Qxf5 17. Qd2 Ra5 18. Be2 Ng6 19. g3 Rfa8 20. a3 Ne7
21. Bd3 Qxd5 22. c4 Qe6 23. Rhe1 Re5 24. f4 Rxe1 25. Rxe1 Qf6 26. Qe3 Ng6 27.
h4 Nf8 28. h5 h6 29. g4 Ne6 30. Qe4 Qxf4 31. Qh7+ Kf8 32. Qh8+ Ke7 33. Qxa8 Qd2
34. Rxe6+ fxe6 35. Bg6 Qd1+ 36. Ka2 Qxg4 37. Qe8+ Kf6 38. Qf7+ Kg5 39. Qe7+ Kf4
40. Qxg7 Kg3 41. Qxh6 Qxc4+ 42. Ka1 Kh4 43. Qe3 Qf1+ 44. Ka2 Qf6 45. Qe4+ Kg5
46. Qxb7 Qe7 47. Qg2+ Kh6 48. Bf5 exf5 49. Qg6# 1-0

[Event "SV Welper 1 - SC Hansa Dortmund 2"]
[Site "Regionalliga 2018/2019"]
[Date "2018.12.16"]
[Round "5.6"]
[White "Schaller, Fabian"]
[Black "Zelt, Jens"]
[Result "1/2-1/2"]
[WhiteElo "1985"]
[BlackElo "2076"]
[PlyCount "40"]
[EventDate "2018.??.??"]

1. Nf3 d6 2. d4 c6 3. b3 g6 4. Bb2 Bg7 5. g3 Nf6 6. Bg2 O-O 7. O-O Bf5 8. c4
Qc8 9. Nc3 Ne4 10. Nxe4 Bxe4 11. Ne1 Bxg2 12. Nxg2 d5 13. cxd5 cxd5 14. Nf4 Qd8
15. e3 Nc6 16. Qd2 Qd6 17. Nd3 Rfc8 18. a4 Rc7 19. Rfc1 Rac8 20. Kg2 b6 1/2-1/2

[Event "SV Welper 1 - SC Hansa Dortmund 2"]
[Site "Regionalliga 2018/2019"]
[Date "2018.12.16"]
[Round "5.7"]
[White "Lin, Yi"]
[Black "Conrad, Joachim"]
[Result "1/2-1/2"]
[WhiteElo "1762"]
[BlackElo "1998"]
[PlyCount "95"]
[EventDate "2018.??.??"]

1. e4 d6 2. d4 Nf6 3. Nc3 e5 4. dxe5 dxe5 5. Qxd8+ Kxd8 6. Bg5 Be6 7. f4 exf4
8. Nf3 Bb4 9. e5 h6 10. exf6 hxg5 11. fxg7 Rg8 12. Nxg5 Rxg7 13. Nxe6+ fxe6 14.
O-O-O+ Bd6 15. Bc4 e5 16. Ne4 Ke7 17. g3 Nc6 18. gxf4 exf4 19. Rhe1 Ne5 20. Bd5
Rh8 21. h4 Rxh4 22. Bxb7 Rh2 23. Nc3 Kf8 24. Rf1 Nc4 25. Rh1 Rgh7 26. Rxh2 Rxh2
27. Rh1 Rxh1+ 28. Bxh1 Kg7 29. Nb5 a6 30. Nxd6 Nxd6 31. a4 Kf6 32. Kd2 Ke5 33.
Kd3 a5 34. Bf3 c5 35. b3 Kf5 36. c3 Ke5 37. b4 cxb4 38. cxb4 axb4 39. a5 b3 40.
Bc6 Nc8 41. Kc3 b2 42. Kxb2 Kd4 43. Kc2 Kc5 44. Bb7 Nd6 45. a6 Kb6 46. Kd3 Nxb7
47. axb7 Kxb7 48. Ke4 1/2-1/2

[Event "SV Welper 1 - SC Hansa Dortmund 2"]
[Site "Regionalliga 2018/2019"]
[Date "2018.12.16"]
[Round "5.8"]
[White "Schaller, Torsten"]
[Black "Milonas, Georgios"]
[Result "1/2-1/2"]
[WhiteElo "1951"]
[BlackElo "1708"]
[PlyCount "83"]
[EventDate "2018.??.??"]

1. d4 d5 2. c4 e6 3. Nc3 Nf6 4. cxd5 exd5 5. Bg5 c6 6. e3 g6 7. Nf3 Bg7 8. Bd3
O-O 9. O-O Nbd7 10. b4 Re8 11. Qc2 Nf8 12. b5 Ne6 13. Bxf6 Bxf6 14. bxc6 bxc6
15. Na4 Bd7 16. Rab1 Qc7 17. Rfc1 Reb8 18. Nc5 Rxb1 19. Rxb1 Nxc5 20. Qxc5 Bg7
21. Qb4 Bc8 22. Rc1 Rb8 23. Qc5 Rb6 24. Qxd5 Be6 25. Qa5 Qb7 26. h3 h6 27. Qa4
Bd7 28. Qc2 Rb2 29. Rb1 Rxb1+ 30. Qxb1 Qxb1+ 31. Bxb1 Be6 32. Nd2 Bf8 33. Kf1
c5 34. dxc5 Bxc5 35. Ke2 Kf8 36. Kd3 Ke7 37. Kc3 Kd7 38. Ne4 Bf8 39. Nd2 Kc6
40. a4 a5 41. Be4+ Kc5 42. Nb3+ 1/2-1/2

[Event "SV Wattenscheid 2 - Weiße Dame Borbeck"]
[Site "Regionalliga 2018/2019"]
[Date "2018.12.16"]
[Round "5.1"]
[White "Loyen, Egbert"]
[Black "Schlehoefer, Ralf"]
[Result "1-0"]
[WhiteElo "2189"]
[BlackElo "2195"]
[Annotator "Daniel"]
[PlyCount "61"]
[EventDate "2018.??.??"]

1. Nf3 Nf6 2. g3 g6 3. b3 Bg7 4. Bb2 b6 5. Bg2 Bb7 6. O-O c5 7. c4 O-O 8. d4
cxd4 9. Nxd4 Bxg2 10. Kxg2 d5 11. Na3 Qd7 12. Rc1 Na6 13. Nf3 $11 Rfd8 14. Qd4
Qb7 15. Rfd1 e5 16. Qh4 d4 17. Kg1 Ne4 18. Ng5 Nxg5 19. Qxg5 Nc5 20. b4 Ne6 21.
Qd2 h5 22. Qe1 a5 23. Nc2 Rdc8 24. Na3 axb4 25. Qxb4 Ng5 26. f3 e4 27. f4 Nh3+
28. Kg2 e3+ 29. Kxh3 f6 30. Rxd4 g5 31. Rd5 1-0